Welcome to the Holygrace Academy Library

Please use search bar below to get started

CAMP ROCK (Record no. 448)

MARC details
000 -LEADER
fixed length control field 00785nam a22001457a 4500
020 ## - INTERNATIONAL STANDARD BOOK NUMBER
ISBN 978-1-4075-3897-6
082 ## - DEWEY DECIMAL CLASSIFICATION NUMBER
Classification number 823
Item number RUG/C
100 ## - MAIN ENTRY--AUTHOR NAME
Personal name KARIN GIST, REGINA HICKS, JULIE BROWN, PAUL BROWN
245 ## - TITLE STATEMENT
Title CAMP ROCK
Remainder of title THE BOOK OF THE FILM
260 ## - PUBLICATION, DISTRIBUTION, ETC. (IMPRINT)
Place of publication UNITED KINGDOM
Name of publisher PARRAGON
Year of publication 2008
300 ## - PHYSICAL DESCRIPTION
Number of Pages 140
520 ## - SUMMARY, ETC.
Summary, etc Mitchie, a stage-shy fourteen year old, loves to sing. So when her mum takes a job as a cook at a summer camp for aspiring rock stars, Mitchie is ecstatic. Before she has even picked a bunk, Mitchie's voice catches the attention of the two most popular campers - Tess, the reigning camp queen and Shane, a popstar and total hottie who is searching for his sound. It is shaping up to be the best summer ever!
650 ## - SUBJECT ADDED ENTRY--TOPICAL TERM
Topical Term THE JUNIOR LEVEL
Geographic subdivision UNITED KINGDOM
942 ## - ADDED ENTRY ELEMENTS (KOHA)
Koha item type Books
Holdings
Withdrawn status Lost status Collection code Home library Current library Shelving location Date acquired Source of acquisition Cost, normal purchase price Full call number Accession Number Koha item type
    Fiction Main Library Main Library On Display 26/03/2014 purchase 526.00 823 RUG/C 08246 Books
    Fiction Main Library Main Library On Display 26/03/2014 purchase 420.00 823 RUG/C 08250 Books